Financial Risk Modelling and Portfolio Optimization with R /

I tiakina i:
Ngā taipitopito rārangi puna kōrero
Kaituhi matua: Pfaff, Bernhard (autor)
Hōputu: Pukapuka
Reo:Ingarihi
I whakaputaina: Chichester, Inglaterra : Wiley, 2013, c2013
Rangatū:(Statistics in Practice)
Ngā marau:
Ngā Tūtohu: Tāpirihia he Tūtohu
Kāore He Tūtohu, Me noho koe te mea tuatahi ki te tūtohu i tēnei pūkete!

MARC

LEADER 00000nam^a2200000^a^4500
001 000338687
005 20250521000000.0
009 20260310114404.222
020 |a 978-0-470-97870-2 
037 |a Acervo ITESO - Biblioteca 
041 |a ING 
082 |a 332. 0285  |b PFA 
100 |a Pfaff, Bernhard  |e (autor) 
245 1 0 |a Financial Risk Modelling and Portfolio Optimization with R /  |c B. Pfaff. 
264 4 |a Chichester, Inglaterra :  |b Wiley,  |c 2013, c2013 
300 |a XVI, 356 p. 
336 |a texto  |b txt  |2 rdacontenido 
337 |a sin mediación  |b n  |2 rdamedio 
338 |a volumen  |b nc  |2 rdasoporte 
440 1 |a (Statistics in Practice) 
521 |a 2013 BO Licenciatura en Administración Financiera 
530 |a Existe una edición en formato digital en línea con el mismo título 
649 |a XX 
650 |a Riesgo Financiero -  |x Tema Principal 
650 |a Lenguajes de Programación 
650 |a Modelos Matemáticos -  |x Tema Principal 
650 |a Teoría de Portafolio -  |x Tema Principal 
650 |a Finanzas 
650 |a Economía 
910 |a Fondo General 
920 |a Impresos - Libros 
930 |a Colección General 
905 |a 101 
901 |a 0500228455  |b IT1  |c ACC  |i C138627  |u 20250521 
902 |a https://opac.biblio.iteso.mx/vufind/Record/000338687